[Event "Klatovy op-A 23rd"]
[Site "Klatovy"]
[Date "2017.07.05"]
[Round "5"]
[White "Hlozek, David"]
[Black "Hlavac, Rudolf"]
[Result "0-1"]
[WhiteElo "1890"]
[BlackElo "2031"]
[PlyCount "72"]
[EventDate "2017.07.01"]
[EventType "swiss"]
[EventRounds "9"]
[EventCountry "CZE"]
[SourceTitle "EXT 2018"]
[Source "ChessBase"]
[SourceDate "2017.10.13"]
[SourceVersion "1"]
[SourceVersionDate "2017.10.13"]
[SourceQuality "1"]

1. e4 c5 2. Nf3 Nc6 3. d4 cxd4 4. Nxd4 Nf6 5. Nc3 e5 6. Ndb5 d6 7. Bg5 a6 8. Na3 Be6 9. Bxf6 gxf6 10. Nd5 f5 11. exf5 Qa5+ 12. Nc3 Bxf5 13. Nc4 Qd8 14. Ne3 Be6 15. Ncd5 Bh6 16. Ng4 Bg7 17. Nge3 0-0 18. Bd3 f5 19. 0-0 f4 20. Qh5 h6 21. Qg6 Re8 22. Qh7+ Kf8 23. Bg6 Bg8 24. Qxg8+ Kxg8 25. Bxe8 Qxe8 26. Nc7 Qd8 27. Nxa8 fxe3 28. fxe3 Qxa8 29. Rf3 Qe8 30. Raf1 Qe6 31. a3 e4 32. Rf4 Bxb2 33. Rf8+ Kg7 34. Ra8 Bf6 35. Rb1 Na5 36. Rb8 Qd7 0-1

[Event "Klatovy op-A 23rd"]
[Site "Klatovy"]
[Date "2017.07.03"]
[Round "3"]
[White "Hak, David"]
[Black "Hlavac, Rudolf"]
[Result "1-0"]
[WhiteElo "1777"]
[BlackElo "2031"]
[PlyCount "95"]
[EventDate "2017.07.01"]
[EventType "swiss"]
[EventRounds "9"]
[EventCountry "CZE"]
[SourceTitle "EXT 2018"]
[Source "ChessBase"]
[SourceDate "2017.10.13"]
[SourceVersion "1"]
[SourceVersionDate "2017.10.13"]
[SourceQuality "1"]

1. e4 c5 2. Nf3 Nc6 3. d4 cxd4 4. Nxd4 Nf6 5. Nc3 e5 6. Ndb5 d6 7. Bg5 a6 8. Na3 Be6 9. Bxf6 Qxf6 10. Nd5 Qd8 11. c3 Be7 12. Nc2 Bxd5 13. exd5 Nb8 14. Bd3 Nd7 15. Ne3 0-0 16. 0-0 g6 17. Qg4 Nf6 18. Qh3 Nh5 19. g3 Bf6 20. Be2 Ng7 21. Ng4 Be7 22. Bd3 f5 23. Ne3 e4 24. Bc2 Nh5 25. Kh1 Nf6 26. f3 exf3 27. Rxf3 Kh8 28. Raf1 Qc7 29. g4 Nxg4 30. Nxg4 fxg4 31. Qxg4 Rxf3 32. Rxf3 Rf8 33. Rh3 Bf6 34. Qxg6 Rf7 35. Rxh7+ Rxh7 36. Qxf6+ Kg8 37. Qg6+ Kf8 38. Qxh7 Qc4 39. Qf5+ Kg7 40. Bd3 Qxa2 41. Qg6+ Kf8 42. Qxd6+ Kg7 43. Qg6+ Kf8 44. Qh6+ Kf7 45. Bg6+ Ke7 46. d6+ Kd7 47. Bf5+ Ke8 48. Qe6+ 1-0